| 000 | 00718nam a2200253Ia 4500 | ||
|---|---|---|---|
| 003 | OSt | ||
| 005 | 20220912150551.0 | ||
| 006 | a|||||r|||| 00| 0 | ||
| 007 | ta | ||
| 008 | 220909b |||||||| |||| 00| 0 eng d | ||
| 024 | _a58091 | ||
| 037 | _cTextual | ||
| 040 |
_aCSL _beng _cCSL |
||
| 041 | _aeng | ||
| 082 | _aJ:1:(G91:2), K4 CS | ||
| 100 | _aJongerius A Ed. | ||
| 111 | _aInternational working-meeting in soil micromorphology (1964 : Arnhem) | ||
| 245 | 0 | _aProceeding on Soil micromorphology | |
| 260 |
_aAmsterdam _bElsevier _c1964 |
||
| 300 |
_axiv, 540p. _ccm. |
||
| 650 | _aSoil | ||
| 942 |
_hJ:1:(G91:2), K4 CS _cTEXL _2CC |
||
| 999 |
_c50216 _d50216 |
||